|
|
|
|
| LEADER |
00000nab a2200000 a 4500 |
| 001 |
vtls009141907 |
| 003 |
SK-MaSNL |
| 005 |
20260305010639.0 |
| 008 |
250507c2007 xo |||||||||||000 b|slo |
| 015 |
|
|
|a SNBRB2007/09
|2 snkbucl
|
| 035 |
|
|
|a urn:nbn:sk:snk-ab87dc
|
| 035 |
|
|
|a (urnnbn)urn:nbn:sk:snk:ar-006p5b
|
| 035 |
|
|
|a (uuid)4ed132ba-0f35-4ca4-bbf3-8a37864cdd49
|
| 038 |
|
|
|a SNKBUCL
|
| 040 |
|
|
|a SNKBUCL
|b slo
|c SNKBUCL
|e AACR2
|
| 041 |
0 |
|
|a slo
|
| 044 |
|
|
|a xo
|c SK
|
| 080 |
|
|
|a 631.147
|2 1997
|
| 080 |
|
|
|a 633:631.147
|2 1997
|
| 080 |
|
|
|a 636:631.147
|2 1997
|
| 100 |
1 |
|
|a Pospišilová, Darina,
|d 1959-
|4 aut
|9 194831
|
| 245 |
1 |
0 |
|a Podporované Európskou úniou
|b cieľom ekologického poľnohospodárstva je trvaloudržateľný systém ...
|c Darina Pospišilová
|
| 650 |
0 |
7 |
|a trvalo udržateľný rozvoj
|2 snkbucl
|9 3353
|
| 650 |
0 |
7 |
|a ekologické poľnohospodárstvo
|2 snkbucl
|9 3913
|
| 650 |
0 |
7 |
|a rastlinná výroba
|2 snkbucl
|9 2835
|
| 650 |
0 |
7 |
|a živočíšna výroba
|2 snkbucl
|9 2836
|
| 773 |
0 |
|
|t Slovenský chov
|g Roč. XII, č. 8 (2007), s. 52
|x 1335-1990
|
| 850 |
|
|
|a Slovenská národná knižnica
|
| 852 |
|
|
|a Slovenská národná knižnica
|
| 954 |
|
|
|a odborná, vedecká literatúra pôvodná (slovenská)
|2 lita
|
| 958 |
|
|
|a article9
|
| 958 |
|
|
|a OND
|
| 958 |
|
|
|a EUIPO
|
| 999 |
|
|
|c 3247813
|d 3249743
|